La flor del Tao / (Record no. 156393)
[ view plain ]
| 000 -CABECERA | |
|---|---|
| campo de control de longitud fija | 00604nam a2200229 a 4500 |
| 005 - FECHA Y HORA DE LA ÚLTIMA TRANSACCIÓN | |
| campo de control | 20240831063744.0 |
| 008 - ELEMENTOS DE LONGITUD FIJA--INFORMACIÓN GENERAL | |
| campo de control de longitud fija | 120426s2002 es r 000 0 spa d |
| 020 ## - NÚMERO INTERNACIONAL NORMALIZADO PARA LIBROS | |
| Número Internacional Estándar del Libro | 849513683X |
| 035 ## - NÚMERO DE CONTROL DEL SISTEMA | |
| Número de control de sistema | UPN01000184290 |
| 049 ## - COLECCIÓN | |
| Colección | I |
| 050 #4 - SIGNATURA TOPOGRÁFICA DE LA BIBLIOTECA DEL CONGRESO | |
| Número de clasificación | PQ6631 U4.7 |
| Número de documento/Ítem | F4.6 2002 |
| 100 1# - ASIENTO PRINCIPAL--NOMBRE PERSONAL | |
| Nombre de persona | Quiroga, Angel |
| 9 (RLIN) | 32128 |
| 245 13 - MENCIÓN DE TÍTULO | |
| Título | La flor del Tao / |
| Mención de responsabilidad, etc. | Angel Quiroga. |
| 250 ## - MENCIÓN DE EDICIÓN | |
| Mención de edición | 3a ed. |
| 260 ## - PUBLICACIÓN, DISTRIBUCIÓN, ETC. | |
| Lugar de publicación, distribución, etc. | Granada, Esp. : |
| Nombre del editor, distribuidor, etc. | Alhulia, |
| Fecha de publicación, distribución, etc. | 2002. |
| 300 ## - DESCRIPCIÓN FÍSICA | |
| Extensión | 76 p. : |
| Otras características físicas | il. |
| 440 #3 - MENCIÓN DE SERIE/ASIENTO SECUNDARIO--TÍTULO | |
| Título | El carro de madera |
| 650 #4 - ASIENTO SECUNDARIO DE MATERIA - TERMINO TEMATICO | |
| Término de materia o nombre geográfico como elemento de entrada | Cuentos infantiles españoles |
| 9 (RLIN) | 7725 |
| 905 ## - TIPO DE MATERIAL | |
| Tipo de material | Infantil |
| Estado de retiro | Estado de pérdida | Fuente del sistema de clasificación o colocación | Estado dañado | No para préstamo | Código de colección | Localización permanente | Ubicación/localización actual | Ubicación en estantería | Fecha de adquisición | Clasificación | Código de barras | Fecha visto por última vez | Número de copia | Tipo de ítem Koha |
|---|---|---|---|---|---|---|---|---|---|---|---|---|---|---|
| Library of Congress Classification | Infantil | Bib. Gregorio Torres Quintero | Bib. Gregorio Torres Quintero | Sala infantil Planta baja | 10/05/2023 | PQ6631 U4.7 F4.6 2002 | 281050 | 31/12/2020 | 1 | Libro |
